000 00441nam a2200181Ia 4500
001 18486
005 20260306171634.0
008 260306s9999||||xx |||||||||||||| ||und||
041 _aESP
082 _a658.406
_bG77
100 _aGrant, Adam
_eAUT
245 0 _aOriginales:
_bcómo los inconformes mueven el mundo
260 _c2017
300 _a350 páginas :
_c23 cm.
650 _aGEN
654 _aCAN
942 _cLIB
_dJUS
_fJUS
_2ddc
_n
999 _c18486
_d18486